[Event "DEN-ch rapid"]
[Site "Middelfart"]
[Date "2012.09.30"]
[Round "4"]
[White "Munksgaard, Dennis"]
[Black "Fries Nielsen, Niels Jorgen"]
[Result "0-1"]
[WhiteElo "1917"]
[BlackElo "2295"]
[PlyCount "114"]
[EventDate "2012.09.30"]
[EventType "swiss (rapid)"]
[EventRounds "7"]
[EventCountry "DEN"]
[SourceTitle "EXT 2018"]
[Source "ChessBase"]
[SourceDate "2017.10.13"]
[SourceVersion "1"]
[SourceVersionDate "2017.10.13"]
[SourceQuality "1"]

1. e4 c5 2. Nf3 h6 3. d4 cxd4 4. Nxd4 Nf6 5. Nc3 e5 6. Ndb5 d6 7. Bd3 a6 8. Na3 b5 9. Nd5 Nxd5 10. exd5 g6 11. c4 Bg7 12. cxb5 0-0 13. 0-0 Nd7 14. bxa6 Nc5 15. Bb5 Bxa6 16. Be3 Bxb5 17. Nxb5 Qb8 18. Bxc5 Qxb5 19. Bxd6 Rfd8 20. Be7 Rxd5 21. Qf3 Re8 22. Ba3 e4 23. Qb3 Qxb3 24. axb3 Rd3 25. b4 Rb3 26. Rfd1 Rc8 27. Kf1 g5 28. Ke2 Bxb2 29. Bxb2 Rxb2+ 30. Rd2 Rxb4 31. Ra6 Kg7 32. h3 Rc5 33. Rad6 Rcc4 34. Rd7 Rc3 35. R7d4 Rxd4 36. Rxd4 f5 37. Rd6 Rc2+ 38. Ke1 h5 39. g3 Ra2 40. Rc6 Ra3 41. Ke2 h4 42. Rc7+ Kg6 43. Rc6+ Kh5 44. Rc5 hxg3 45. fxg3 Rxg3 46. Rxf5 Rxh3 47. Re5 e3 48. Rxe3 Rxe3+ 49. Kxe3 Kg4 50. Kf2 Kh3 51. Kg1 Kg3 52. Kh1 Kh3 53. Kg1 g4 54. Kh1 Kg3 55. Kg1 Kf3 56. Kf1 g3 57. Kg1 g2 0-1

[Event "Bornholms Sommer A2"]
[Site "Ronne"]
[Date "2011.07.10"]
[Round "5"]
[White "Fredericia, Louise Winther"]
[Black "Munksgaard, Dennis"]
[Result "1-0"]
[WhiteElo "2062"]
[BlackElo "1924"]
[PlyCount "49"]
[EventDate "2011.07.08"]
[EventType "tourn"]
[EventRounds "5"]
[EventCountry "DEN"]
[SourceTitle "EXT 2023"]
[Source "ChessBase"]
[SourceDate "2022.10.05"]
[SourceVersion "1"]
[SourceVersionDate "2022.10.05"]
[SourceQuality "1"]

1. c4 Nf6 2. g3 e6 3. Bg2 d5 4. Nf3 c5 5. cxd5 Nxd5 6. Nc3 Nc6 7. 0-0 Be7 8. d4 0-0 9. Nxd5 Qxd5 10. dxc5 Qxc5 11. Be3 Qb4 12. Qc2 Bd7 13. Rfd1 Rfd8 14. Nd4 Rac8 15. a3 Qa5 16. b4 Qh5 17. Nxc6 Bxc6 18. Bxa7 Bxg2 19. Rxd8+ Rxd8 20. Kxg2 Qd5+ 21. e4 Qd7 22. Bb6 Ra8 23. Rc1 h6 24. Qc7 Qe8 25. Qxb7 1-0

[Event "Bornholms Sommer A2"]
[Site "Ronne"]
[Date "2011.07.10"]
[Round "4"]
[White "Munksgaard, Dennis"]
[Black "Hansen, Bent Schiott"]
[Result "1-0"]
[WhiteElo "1924"]
[BlackElo "1895"]
[PlyCount "81"]
[EventDate "2011.07.08"]
[EventType "tourn"]
[EventRounds "5"]
[EventCountry "DEN"]
[SourceTitle "EXT 2023"]
[Source "ChessBase"]
[SourceDate "2022.10.05"]
[SourceVersion "1"]
[SourceVersionDate "2022.10.05"]
[SourceQuality "1"]

1. e4 e6 2. d4 d5 3. exd5 exd5 4. Nf3 Bd6 5. Bd3 Nf6 6. 0-0 0-0 7. Bg5 Bg4 8. Nbd2 Nbd7 9. c3 c6 10. Qc2 Qc7 11. Rfe1 Rae8 12. Bf5 h6 13. Bh4 Bxf5 14. Qxf5 g6 15. Qd3 Kg7 16. Bg3 Bxg3 17. hxg3 Qd6 18. Nh4 Re6 19. Nf1 Ne4 20. Ne3 f5 21. Re2 f4 22. gxf4 Qxf4 23. Nf3 g5 24. Rf1 g4 25. Nh4 Ref6 26. c4 dxc4 27. Nxc4 Re8 28. f3 gxf3 29. Nxf3 Ree6 30. Nce5 Nxe5 31. dxe5 Rxe5 32. Nh2 Nc5 33. Qc3 Qxf1+ 34. Nxf1 Rxe2 35. Qxc5 Re1 36. Qc4 Rexf1+ 37. Kh2 R1f5 38. Qg4+ Kf7 39. Qc4+ Kg6 40. Qg8+ Kh5 41. g4+ 1-0

[Event "North Sea Cup 23th"]
[Site "Esbjerg"]
[Date "2008.07.16"]
[Round "8"]
[White "Voss, Janine"]
[Black "Munksgaard, Dennis"]
[Result "1/2-1/2"]
[WhiteElo "1832"]
[BlackElo "2022"]
[PlyCount "40"]
[EventDate "2008.07.11"]
[EventType "swiss"]
[EventRounds "10"]
[EventCountry "DEN"]
[SourceTitle "CBM 125 Extra"]
[Source "ChessBase"]
[SourceDate "2008.09.01"]
[SourceVersion "1"]
[SourceVersionDate "2008.09.01"]
[SourceQuality "1"]

1. e4 e5 2. Nf3 Nc6 3. d4 exd4 4. Nxd4 Bc5 5. Be3 Qf6 6. c3 Nge7 7. Bc4 a6 8. 0-0 0-0 9. Kh1 b5 10. Bb3 Bb7 11. Ne6 fxe6 12. Bxc5 d6 13. Be3 Ne5 14. Nd2 c5 15. f4 Nd3 16. Qb1 c4 17. Bc2 Qg6 18. Bxd3 cxd3 19. Qxd3 Nf5 20. Bb6 Nh4 1/2-1/2

[Event "North Sea Cup 23th"]
[Site "Esbjerg"]
[Date "2008.07.12"]
[Round "2"]
[White "Munksgaard, Dennis"]
[Black "Helledie, Anders"]
[Result "0-1"]
[WhiteElo "2022"]
[BlackElo "2223"]
[PlyCount "84"]
[EventDate "2008.07.11"]
[EventType "swiss"]
[EventRounds "10"]
[EventCountry "DEN"]
[SourceTitle "CBM 125 Extra"]
[Source "ChessBase"]
[SourceDate "2008.09.01"]
[SourceVersion "1"]
[SourceVersionDate "2008.09.01"]
[SourceQuality "1"]

1. e4 e6 2. d4 d5 3. exd5 exd5 4. Nf3 Bg4 5. Be2 Bd6 6. Bg5 Ne7 7. Nbd2 f6 8. Bh4 Ng6 9. 0-0 Nc6 10. Re1 Nce7 11. Bg3 Nf4 12. Bxf4 Bxf4 13. g3 Bd6 14. Nh4 Bxe2 15. Qxe2 0-0 16. Qe6+ Rf7 17. c4 Bb4 18. Rad1 dxc4 19. Qxc4 Nd5 20. Nf5 Bf8 21. Re4 Nb6 22. Qc2 g6 23. Nh4 f5 24. Re6 Qxd4 25. Ndf3 Qc4 26. Qxc4 Nxc4 27. b3 Nd6 28. Ne5 Re7 29. Rxe7 Bxe7 30. Nhf3 Rd8 31. Kf1 Ne4 32. Rxd8+ Bxd8 33. Nd7 Kf7 34. Nde5+ Ke6 35. Nc4 c6 36. Nfd2 Nc3 37. a4 Kd5 38. f3 b5 39. axb5 cxb5 40. Nb2 Kd4 41. Kf2 Be7 42. f4 Ne4+ 0-1

[Event "North Sea Cup 21st"]
[Site "Esbjerg"]
[Date "2006.07.09"]
[Round "2"]
[White "Munksgaard, Dennis"]
[Black "Szuhanek, Ranko"]
[Result "0-1"]
[WhiteElo "1890"]
[BlackElo "2452"]
[PlyCount "60"]
[EventDate "2006.07.08"]
[EventType "swiss"]
[EventRounds "9"]
[EventCountry "DEN"]
[SourceTitle "CBM 113 Extra"]
[Source "ChessBase"]
[SourceDate "2006.09.14"]
[SourceVersion "1"]
[SourceVersionDate "2006.09.14"]
[SourceQuality "1"]

1. e4 c5 2. Nf3 d6 3. d4 cxd4 4. Nxd4 Nf6 5. Nc3 a6 6. Be3 e5 7. Nb3 Be6 8. f3 Nbd7 9. Qd2 Be7 10. Be2 0-0 11. g4 b5 12. 0-0-0 Nb6 13. Bxb6 Qxb6 14. Nd5 Bxd5 15. exd5 Rfc8 16. Kb1 a5 17. Bd3 a4 18. Nc1 a3 19. b3 Qd4 20. c3 Rxc3 21. Qe2 Qc5 22. Qd2 e4 23. fxe4 Nxg4 24. Rhf1 Ne3 25. e5 dxe5 26. d6 Bxd6 27. Rg1 Nxd1 28. Rxg7+ Kxg7 29. Qg2+ Kf6 30. Qf3+ Ke7 0-1